[Event "Bad Griesbach Seniors op 13th"]
[Site "Bad Griesbach"]
[Date "2010.12.11"]
[Round "7"]
[White "Knabl, Josef"]
[Black "Seidl, Josef"]
[Result "1/2-1/2"]
[WhiteElo "1374"]
[BlackElo "1325"]
[PlyCount "81"]
[EventDate "2010.12.05"]
[EventType "swiss"]
[EventRounds "7"]
[EventCountry "GER"]
[SourceTitle "EXT 2015"]
[Source "ChessBase"]
[SourceDate "2014.11.20"]
[SourceVersion "1"]
[SourceVersionDate "2014.11.20"]
[SourceQuality "1"]

1. e4 c5 2. c3 g6 3. d4 e6 4. Nf3 d6 5. Be3 Be7 6. Bd3 Nd7 7. Nbd2 b6 8. d5 e5 9. 0-0 Bf8 10. Bb5 Bg7 11. Bg5 Qc7 12. Ne1 f6 13. Be3 Ne7 14. f4 0-0 15. f5 a6 16. Bc6 Bb7 17. Bxb7 Qxb7 18. fxg6 Nxg6 19. Qh5 Rf7 20. Rf3 Ndf8 21. Rh3 Qd7 22. Nd3 f5 23. Bg5 f4 24. Nf2 Ra7 25. Ng4 Qb5 26. b3 a5 27. Nc4 Qd7 28. Nxb6 Qc7 29. Nc4 a4 30. bxa4 Rxa4 31. Nb2 Rxe4 32. Nh6+ Bxh6 33. Bxh6 Re3 34. Rxe3 fxe3 35. Bxe3 Qd7 36. Nc4 Nf4 37. Bxf4 Rxf4 38. Ne3 Ng6 39. c4 Rh4 40. Qg5 Rf4 41. Rf1 1/2-1/2

[Event "Bad Griesbach Seniors op 7th"]
[Site "Bad Griesbach"]
[Date "2004.12.10"]
[Round "6"]
[White "Schmidt, Wolfgang4444"]
[Black "Knabl, Josef"]
[Result "1-0"]
[WhiteElo "1659"]
[BlackElo "1426"]
[PlyCount "81"]
[EventDate "2004.12.05"]
[EventType "swiss"]
[EventRounds "7"]
[EventCountry "GER"]
[SourceTitle "EXT 2006"]
[Source "ChessBase"]
[SourceDate "2005.11.24"]
[SourceVersion "1"]
[SourceVersionDate "2005.11.24"]
[SourceQuality "1"]

1. e4 e5 2. Nf3 Nc6 3. d4 exd4 4. Nxd4 Nxd4 5. Qxd4 c5 6. Qd1 g6 7. c3 Qe7 8. f3 Bg7 9. Be2 Qh4+ 10. Kf1 Be5 11. Be3 b6 12. Bf2 Qe7 13. Nd2 Nf6 14. Nc4 Bc7 15. Ne3 0-0 16. Bh4 Bd8 17. Bc4 Qe8 18. Bg3 Nh5 19. Qd5 Nxg3+ 20. hxg3 Rb8 21. Qd6 Rb7 22. Nd5 Kh8 23. Ba6 Kg7 24. Qf4 g5 25. Qf5 Rh8 26. Bxb7 Bxb7 27. Qh3 Qe6 28. Ne3 Qxh3 29. Rxh3 d6 30. Nf5+ Kf8 31. Nxd6 Ba6+ 32. Kf2 Bc7 33. Nf5 Bc8 34. Rd1 Bxf5 35. exf5 Kg7 36. Rd7 Bb8 37. Rh1 Re8 38. Rhd1 a5 39. Rd8 Rxd8 40. Rxd8 Bc7 41. Rd7 1-0

[Event "Bad Griesbach Seniors op 7th"]
[Site "Bad Griesbach"]
[Date "2004.12.08"]
[Round "4"]
[White "Berchtold, Hans"]
[Black "Knabl, Josef"]
[Result "1-0"]
[WhiteElo "1796"]
[BlackElo "1426"]
[PlyCount "55"]
[EventDate "2004.12.05"]
[EventType "swiss"]
[EventRounds "7"]
[EventCountry "GER"]
[SourceTitle "EXT 2006"]
[Source "ChessBase"]
[SourceDate "2005.11.24"]
[SourceVersion "1"]
[SourceVersionDate "2005.11.24"]
[SourceQuality "1"]

1. c4 e5 2. Nc3 Nf6 3. g3 Nc6 4. Bg2 Be7 5. e3 d6 6. Nge2 0-0 7. d4 exd4 8. exd4 Re8 9. 0-0 Rb8 10. a3 Bf8 11. b4 Bg4 12. Re1 Ne7 13. h3 Bd7 14. Bb2 c6 15. Nf4 Ng6 16. Nxg6 fxg6 17. Qd2 Qc7 18. a4 a6 19. Kh2 d5 20. c5 Be7 21. Re5 Kh8 22. Rae1 Bf8 23. f4 Rxe5 24. dxe5 Ng8 25. e6 Be8 26. Ne2 Be7 27. Be5 Qd8 28. Bxb8 1-0

[Event "Bad Griesbach Seniors op 7th"]
[Site "Bad Griesbach"]
[Date "2004.12.05"]
[Round "1"]
[White "Knabl, Josef"]
[Black "Gabriel, Wolfgang"]
[Result "1-0"]
[WhiteElo "1426"]
[BlackElo "1688"]
[PlyCount "75"]
[EventDate "2004.12.05"]
[EventType "swiss"]
[EventRounds "7"]
[EventCountry "GER"]
[SourceTitle "EXT 2006"]
[Source "ChessBase"]
[SourceDate "2005.11.24"]
[SourceVersion "1"]
[SourceVersionDate "2005.11.24"]
[SourceQuality "1"]

1. e4 c5 2. c3 e6 3. Nf3 Nc6 4. d4 cxd4 5. cxd4 d5 6. e5 Nge7 7. Nc3 a6 8. Bd3 Ng6 9. 0-0 Be7 10. a3 b5 11. Ne2 0-0 12. g3 Bb7 13. Nf4 Nxf4 14. Bxf4 Na5 15. b3 Rc8 16. Bd2 Nc6 17. b4 f6 18. Bf4 fxe5 19. Bxe5 Nxe5 20. Nxe5 Bf6 21. Qh5 g6 22. Nxg6 Qe8 23. Nf4 Qxh5 24. Nxh5 Bxd4 25. Ra2 e5 26. Rd1 Rc3 27. Bf1 Bb6 28. Bg2 e4 29. Nf4 e3 30. Bxd5+ Bxd5 31. Nxd5 exf2+ 32. Kf1 Bd4 33. Nxc3 Bxc3 34. Rxf2 Rc8 35. Rc2 Rf8+ 36. Kg2 Be5 37. Re2 Bc7 38. Rd7 1-0

[Event "Bad Griesbach Seniors op 6th"]
[Site "Bad Griesbach"]
[Date "2003.12.02"]
[Round "3"]
[White "Eck, Alfred"]
[Black "Knabl, Josef"]
[Result "0-1"]
[WhiteElo "1401"]
[BlackElo "1350"]
[PlyCount "102"]
[EventDate "2003.11.30"]
[EventType "swiss"]
[EventRounds "7"]
[EventCountry "GER"]
[SourceTitle "EXT 2006"]
[Source "ChessBase"]
[SourceDate "2005.11.24"]
[SourceVersion "1"]
[SourceVersionDate "2005.11.24"]
[SourceQuality "1"]

1. d4 d5 2. c4 c6 3. e3 Nf6 4. Nc3 e6 5. Bd3 Bb4 6. Qc2 Nbd7 7. Nf3 dxc4 8. Bxc4 h6 9. 0-0 Bxc3 10. Qxc3 Nb6 11. Bd3 Nbd5 12. Qc5 Qe7 13. Qxe7+ Nxe7 14. b3 0-0 15. Ba3 Re8 16. Bd6 Ng6 17. Rac1 Rd8 18. Bb4 Bd7 19. Bxg6 fxg6 20. Ne5 Be8 21. h3 Kh7 22. a4 a5 23. Be7 Rdc8 24. Nc4 Ng8 25. Bc5 Rd8 26. Bb6 Rd5 27. e4 Rd7 28. Nxa5 Ra6 29. Nc4 Ne7 30. a5 Nc8 31. Bc5 Bf7 32. e5 Ne7 33. b4 Nd5 34. Rfe1 Nf4 35. Rc3 g5 36. Kh2 Bg6 37. Nb2 Nd5 38. Rf3 Ra8 39. Rf8 Rxf8 40. Bxf8 Rf7 41. Bc5 Rxf2 42. Nc4 Nf4 43. Nd6 Rxg2+ 44. Kh1 Bh5 45. Rf1 Rg3 46. Rxf4 gxf4 47. Kh2 Bf3 48. h4 Rg2+ 49. Kh3 Bd5 50. Nc4 Rg3+ 51. Kh2 Bxc4 0-1

[Event "Bad Griesbach Seniors op 5th"]
[Site "Bad Griesbach"]
[Date "2002.11.29"]
[Round "6"]
[White "Knabl, Josef"]
[Black "Schmidt, Siegfried"]
[Result "1/2-1/2"]
[WhiteElo "1346"]
[BlackElo "1626"]
[PlyCount "69"]
[EventDate "2002.11.24"]
[EventType "swiss"]
[EventRounds "7"]
[EventCountry "GER"]
[SourceTitle "EXT 2006"]
[Source "ChessBase"]
[SourceDate "2005.11.24"]
[SourceVersion "1"]
[SourceVersionDate "2005.11.24"]
[SourceQuality "1"]

1. e4 d6 2. Nf3 g6 3. Bc4 Bg7 4. d4 Nf6 5. Qd3 e6 6. Bg5 h6 7. Bxf6 Qxf6 8. Nbd2 Nd7 9. c3 0-0 10. 0-0 Qe7 11. Rfe1 e5 12. Rab1 Re8 13. Bb3 Kh7 14. h3 exd4 15. cxd4 Nf8 16. Bc2 Qd8 17. b3 b6 18. Rbd1 Bb7 19. d5 Qd7 20. Nf1 a5 21. N1h2 Ba6 22. Qd2 Re7 23. Ng4 Rae8 24. Qf4 f6 25. Nxf6+ Bxf6 26. Qxf6 Rf7 27. Qh4 Qe7 28. Qg3 Qf6 29. e5 dxe5 30. Rxe5 Rxe5 31. Nxe5 Re7 32. Ng4 Qg7 33. Qf4 Rf7 34. Qg3 Re7 35. Qf4 1/2-1/2

[Event "Bad Griesbach Seniors op 5th"]
[Site "Bad Griesbach"]
[Date "2002.11.27"]
[Round "4"]
[White "Knabl, Josef"]
[Black "Jurgan, Brigitte"]
[Result "1/2-1/2"]
[WhiteElo "1346"]
[BlackElo "1076"]
[PlyCount "27"]
[EventDate "2002.11.24"]
[EventType "swiss"]
[EventRounds "7"]
[EventCountry "GER"]
[SourceTitle "EXT 2006"]
[Source "ChessBase"]
[SourceDate "2005.11.24"]
[SourceVersion "1"]
[SourceVersionDate "2005.11.24"]
[SourceQuality "1"]

1. e4 e5 2. Nf3 Nc6 3. Bc4 Bc5 4. c3 Be7 5. d4 d6 6. b4 Bg4 7. Qb3 Bg5 8. Be3 Bf6 9. Nbd2 Qd7 10. 0-0 Nge7 11. Bg5 0-0-0 12. d5 Nb8 13. Be3 Ng6 14. h3 1/2-1/2

[Event "Bayern-ch Seniors 13th"]
[Site "Schloss Schney"]
[Date "2001.??.??"]
[Round "5"]
[White "Knabl, Josef"]
[Black "Kellner, Adolf"]
[Result "0-1"]
[WhiteElo "1285"]
[BlackElo "1570"]
[PlyCount "80"]
[EventDate "2001.06.??"]
[EventType "swiss"]
[EventRounds "9"]
[EventCountry "GER"]
[SourceTitle "EXT 2006"]
[Source "ChessBase"]
[SourceDate "2005.11.24"]
[SourceVersion "1"]
[SourceVersionDate "2005.11.24"]
[SourceQuality "1"]

1. e4 c6 2. Nc3 d5 3. Nf3 dxe4 4. Nxe4 Nf6 5. Nxf6+ gxf6 6. d3 Bf5 7. g3 h5 8. h3 Qd7 9. Bg2 e6 10. Bd2 Na6 11. a3 0-0-0 12. Qe2 e5 13. 0-0-0 Nc5 14. Be3 Na4 15. Nh4 Bh7 16. Qxh5 Qe6 17. Qg4 Qxg4 18. hxg4 Be7 19. Nf5 Bxf5 20. gxf5 c5 21. b3 Nc3 22. Rd2 Rxh1+ 23. Bxh1 Rh8 24. Bf3 Nb5 25. Kb2 Nd4 26. Bd5 Nxf5 27. Bxf7 Nxe3 28. fxe3 Rh1 29. e4 Rg1 30. g4 Kd7 31. Bh5 a5 32. c4 Kc6 33. a4 Rf1 34. Kc2 Bf8 35. Rd1 Rf4 36. Kd2 Rf2+ 37. Kc3 Bh6 38. Bg6 Be3 39. d4 cxd4+ 40. Kd3 Kc5 0-1